| 000 | 01027nam a2200253Ia 4500 | ||
|---|---|---|---|
| 003 | OSt | ||
| 005 | 20251106120120.0 | ||
| 008 | 210210b2008 xxu||||| |||| 00| 0 eng d | ||
| 020 | _a8177132849 | ||
| 040 | _cAL | ||
| 041 | _aKannada | ||
| 082 | _a070.1K RAVM | ||
| 100 |
_aRAVI (B K) _dಬಿ.ಕೆ.ರವಿ _9244275 |
||
| 245 |
_aMadhyama udyama _b ಮಾಧ್ಯಮ-ಉದ್ಯಮ |
||
| 260 |
_aBengaluru _bKannada Pustaka Pradhikara _c2008 |
||
| 300 | _axiv,175 | ||
| 520 | _aಮಾಧ್ಯಮಗಳ ನಾಗಾಲೋಟದ ಬೆಳವಣಿಗೆ, ಪ್ರತಿ ಕ್ಷಣ ಕ್ಷಣಕ್ಕೂ ಬದಲಾಗುವ ತಂತ್ರಜ್ಞಾನ ಎಂಥವರನ್ನೂ ಗಂಭೀರವಾದ ಚಿಂತನೆಗೆ ಈಡುಮಾಡುತ್ತದೆ. | ||
| 650 |
_audyama _9244276 |
||
| 650 |
_aMadhyama _9244277 |
||
| 690 |
_aJournalism _9244278 |
||
| 700 |
_aSATYAPRAKASH (M R) _dಸತ್ಯಪ್ರಕಾಶ್ ಎಂ.ಆರ್ _9244279 |
||
| 906 | _a064384 | ||
| 942 |
_2ddc _cBK |
||
| 999 |
_c116436 _d116436 |
||